000 00511nmm a2200205 a 4500
003 AR-BaBNM
005 20251128204753.0
008 195119s1995 ||||||||||||||000 | spa||
020 _a950-43-6675-9
040 _cAR-BaBNM
245 1 0 _aGuía de carreras terciarias
260 _aItuzaingó
_bRevista vocacional
_c1995
300 0 _a148 p.
_bil., cuadros
650 4 _aGUIAS
650 4 _aGUIAS DE ESTUDIOS
650 4 _aGUIA DEL ESTUDIANTE
653 0 _aNIVEL TERCIARIO
942 _cBK
998 _cisola
999 _c8752
_d8752